Statistics for Spider Man: Into The Spider-Verse

Click here to take the quiz!

General Stats

  • This quiz has been taken 141 times
  • The average score is 12 of 19

Answer Stats

HintAnswer% Correct
Black Spider-ManMiles Morales | Kid Arachnid
96%
Died at 26, Peter ParkerSpider-Man
96%
The pig!Spider-Ham
91%
Fatter version of the above, enter real name (with initial)Peter B. Parker
88%
Main VillainKingpin
81%
Spider woman, joined a bandSpider Gwen
81%
Uncle AaronThe Prowler
75%
Green Monster with wings and pumpkin bombsGreen Goblin
74%
Black and white version of Peter ParkerSpider-Man Noir
69%
Anime girl that has a robotPeni Parker
65%
Black Spider-Man's parents (enter just one)Jefferson Davis | Rio Morales
57%
Spanish buff guy who has four arachnid legsScorpion
57%
Woman Doc OckDr. Olivia Octavius | Liv
54%
Power: Being unseen (name the power)Invisibility
52%
His assistant, grey skinTombstone
51%
Main Villain's wifeVanessa Fisk
31%
Robot of the the anime girlSP//dr
29%
Main Villain's sonRichard Fisk
26%
Power: Electricical zapping (name the power)Venom Strike
19%

Score Distribution

Percentile by Number Answered

Percent of People with Each Score

Your Score History

You have not taken this quiz